[Event "Maia op 7th"]
[Site "Maia"]
[Date "2023.09.02"]
[Round "9"]
[White "Ivanov, Mike"]
[Black "Nijboer, Friso"]
[Result "0-1"]
[WhiteElo "2349"]
[BlackElo "2473"]
[PlyCount "98"]
[EventDate "2023.08.25"]
[EventType "swiss"]
[EventRounds "9"]
[EventCountry "POR"]
[SourceTitle "EXT 2024"]
[Source "ChessBase"]
[SourceDate "2023.10.10"]
[SourceVersion "1"]
[SourceVersionDate "2023.10.10"]
[SourceQuality "1"]

1. e4 c5 2. Nc3 Nc6 3. Nge2 e6 4. g3 Nf6 5. Bg2 d6 6. 0-0 Bd7 7. f4 Qb6 8. d3 Be7 9. h3 h5 10. Be3 e5 11. Rb1 Nd4 12. Qd2 a5 13. Nd1 Bc6 14. Nc1 h4 15. g4 exf4 16. Rxf4 d5 17. Rxf6 gxf6 18. exd5 Bd7 19. c3 f5 20. cxd4 cxd4 21. Bf2 fxg4 22. Nb3 Qg6 23. Bxd4 Rg8 24. Kh1 gxh3 25. Be4 Bf5 26. Nc3 Qg3 27. Qe2 Bg4 28. Qe3 f5 29. Rg1 Qxe3 30. Bxe3 fxe4 31. dxe4 Bf3+ 32. Kh2 Rxg1 33. Bxg1 Bg2 34. Bd4 Bg5 35. Be5 Kf7 36. Nd4 Bc1 37. Nf5 Bxb2 38. a4 b6 39. Bd4 Rd8 40. Nb5 Bxd4 41. Nfxd4 Bxe4 42. d6 Bd3 43. Kxh3 Bxb5 44. Nxb5 Ke6 45. Kxh4 Rxd6 46. Kg4 Rd1 47. Kf3 Ra1 48. Nd4+ Kd5 49. Nb5 Kc5 0-1

[Event "Maia op 7th"]
[Site "Maia"]
[Date "2023.08.27"]
[Round "3"]
[White "Dinis de Sousa, Joao"]
[Black "Nijboer, Friso"]
[Result "0-1"]
[WhiteElo "2249"]
[BlackElo "2473"]
[PlyCount "76"]
[EventDate "2023.08.25"]
[EventType "swiss"]
[EventRounds "9"]
[EventCountry "POR"]
[SourceTitle "EXT 2024"]
[Source "ChessBase"]
[SourceDate "2023.10.10"]
[SourceVersion "1"]
[SourceVersionDate "2023.10.10"]
[SourceQuality "1"]

1. e4 c5 2. Nf3 e6 3. d3 Nc6 4. g3 d5 5. Nbd2 Bd6 6. Bg2 Nge7 7. 0-0 0-0 8. Re1 Bc7 9. c3 b6 10. d4 cxd4 11. Nxd4 Nxd4 12. cxd4 Ba6 13. e5 Bd3 14. b3 Qd7 15. Ba3 Rfc8 16. Nf1 Bg6 17. Ne3 b5 18. Bc5 Bb6 19. b4 Bxc5 20. bxc5 b4 21. h4 h6 22. h5 Bh7 23. Bf1 a5 24. Bd3 Bxd3 25. Qxd3 Rcb8 26. Rab1 a4 27. Qd2 Nc6 28. Rb2 Rb5 29. Reb1 Rab8 30. Kg2 Qb7 31. Kh3 a3 32. Rc2 b3 33. axb3 Rxb3 34. Ra1 Qa6 35. Rc3 Qa5 36. Rd3 Qa4 37. Rxb3 Rxb3 38. Nc2 Rb2 0-1

[Event "NED-chT 2223"]
[Site "Netherlands"]
[Date "2023.04.22"]
[Round "9.5"]
[White "De Wit, Michel"]
[Black "Nijboer, Friso"]
[Result "1/2-1/2"]
[WhiteElo "2162"]
[BlackElo "2452"]
[PlyCount "128"]
[EventDate "2022.09.17"]
[EventType "team-tourn"]
[EventRounds "9"]
[EventCountry "NED"]
[SourceTitle "EXT 2024"]
[Source "ChessBase"]
[SourceDate "2023.10.10"]
[SourceVersion "1"]
[SourceVersionDate "2023.10.10"]
[SourceQuality "1"]
[WhiteTeam "Charlois Europoort"]
[BlackTeam "Kennemer Combinatie"]
[WhiteTeamCountry "NED"]
[BlackTeamCountry "NED"]

1. e4 c5 2. c3 d6 3. d4 Nf6 4. f3 Qc7 5. Be3 e6 6. Nd2 Be7 7. Bd3 b6 8. Rc1 0-0 9. Ne2 Ba6 10. Bb1 Nbd7 11. 0-0 Rac8 12. Nb3 Rfe8 13. Kh1 Qb7 14. Qd2 e5 15. Rfd1 d5 16. Ng3 dxe4 17. Nxe4 exd4 18. cxd4 c4 19. Na1 Nd5 20. Bg5 f6 21. Bh4 Nf8 22. Nc2 Rcd8 23. Bg3 Qd7 24. Nc3 Nb4 25. Nxb4 Bxb4 26. Qc2 Bb7 27. a3 Bxc3 28. bxc3 Bd5 29. Re1 Bf7 30. Qb2 b5 31. h3 a6 32. Qb4 Bd5 33. Kh2 Ng6 34. Bxg6 hxg6 35. Qb1 g5 36. Rxe8+ Rxe8 37. Re1 Rxe1 38. Qxe1 Kf7 39. Kg1 a5 40. Qb1 Bc6 41. Qe1 Qd8 42. Qd1 Bd5 43. Qb1 Qd7 44. Qe1 Be6 45. Qe4 Bf5 46. Qe3 Kg6 47. Qd2 Bd3 48. Qb2 Kf7 49. Bf2 Ke6 50. Be3 Qc6 51. Kf2 Kd7 52. Bc1 Qb7 53. Qd2 Qb8 54. Qe1 Qd6 55. Bb2 f5 56. g3 f4 57. g4 Qh6 58. Kg2 Qh4 59. Qf2 Qxf2+ 60. Kxf2 Kc6 61. Bc1 b4 62. Bb2 Kb5 63. axb4 axb4 64. Ke1 Bg6 1/2-1/2

[Event "NED-chT 2223"]
[Site "Netherlands"]
[Date "2022.12.17"]
[Round "5.4"]
[White "Nijboer, Friso"]
[Black "Warakomski, Tomasz"]
[Result "1/2-1/2"]
[WhiteElo "2452"]
[BlackElo "2544"]
[PlyCount "68"]
[EventDate "2022.09.17"]
[EventType "team-tourn"]
[EventRounds "9"]
[EventCountry "NED"]
[SourceTitle "CBM 213 Extra"]
[Source "ChessBase"]
[SourceDate "2023.05.31"]
[SourceVersion "1"]
[SourceVersionDate "2023.05.31"]
[SourceQuality "1"]
[WhiteTeam "Kennemer Combinatie"]
[BlackTeam "Groningen Combinatie"]
[WhiteTeamCountry "NED"]
[BlackTeamCountry "NED"]

1. e4 c5 2. Nf3 e6 3. d3 d5 4. Qe2 Nc6 5. g3 Nge7 6. Bg2 g6 7. 0-0 Bg7 8. c3 h6 9. Na3 0-0 10. e5 g5 11. Nc2 b5 12. Be3 g4 13. Nd2 b4 14. Bxc5 bxc3 15. bxc3 Nxe5 16. d4 Nd7 17. Bxe7 Qxe7 18. Bxd5 Rb8 19. Bg2 Rb2 20. Nb4 Qg5 21. Rfd1 Bxd4 22. cxd4 Rxb4 23. Ne4 Qg7 24. Qd2 Rb6 25. a4 Nf6 26. Nc3 Ba6 27. Qf4 Rd8 28. Qc7 Rd7 29. Qc5 Qg5 30. Qxg5+ hxg5 31. d5 exd5 32. Nxd5 Nxd5 33. Rxd5 Rxd5 34. Bxd5 Kg7 1/2-1/2

[Event "NED-chT 2223"]
[Site "Netherlands"]
[Date "2022.11.26"]
[Round "4.5"]
[White "Nijboer, Friso"]
[Black "Ris, Robert"]
[Result "1/2-1/2"]
[WhiteElo "2452"]
[BlackElo "2465"]
[PlyCount "75"]
[EventDate "2022.09.17"]
[EventType "team-tourn"]
[EventRounds "9"]
[EventCountry "NED"]
[SourceTitle "CBM 213 Extra"]
[Source "ChessBase"]
[SourceDate "2023.05.31"]
[SourceVersion "1"]
[SourceVersionDate "2023.05.31"]
[SourceQuality "1"]
[WhiteTeam "Kennemer Combinatie"]
[BlackTeam "Amstelveen Zukertort"]
[WhiteTeamCountry "NED"]
[BlackTeamCountry "NED"]

1. e4 e5 2. Nf3 Nc6 3. Bb5 a6 4. Ba4 f5 5. d3 fxe4 6. dxe4 Nf6 7. 0-0 d6 8. c3 Be7 9. Nbd2 Bg4 10. Re1 0-0 11. h3 Bh5 12. Nf1 Nd7 13. g4 Bf7 14. Be3 Kh8 15. Ng3 Qe8 16. Kg2 Be6 17. Nf5 g6 18. Nxe7 Qxe7 19. Bh6 Rg8 20. Ng5 Nd8 21. Bxd7 Bxd7 22. f4 Ne6 23. Nxe6 Qxe6 24. Kh2 Rge8 25. Qd2 exf4 26. Qd4+ Qe5 27. Bxf4 Qxd4 28. cxd4 Kg8 29. Rac1 Rac8 30. Kg3 Re7 31. Rc3 Bc6 32. Rce3 d5 33. exd5 Rxe3+ 34. Rxe3 Bxd5 35. Re7 c5 36. Re5 Bxa2 37. dxc5 Kf7 38. Bg5 1/2-1/2

[Event "NED-chT 2223"]
[Site "Netherlands"]
[Date "2022.10.08"]
[Round "2.7"]
[White "Baselmans, Sam"]
[Black "Nijboer, Friso"]
[Result "0-1"]
[WhiteElo "2203"]
[BlackElo "2452"]
[PlyCount "112"]
[EventDate "2022.09.17"]
[EventType "team-tourn"]
[EventRounds "9"]
[EventCountry "NED"]
[SourceTitle "CBM 213 Extra"]
[Source "ChessBase"]
[SourceDate "2023.05.31"]
[SourceVersion "1"]
[SourceVersionDate "2023.05.31"]
[SourceQuality "1"]
[WhiteTeam "De Stukkenjagers"]
[BlackTeam "Kennemer Combinatie"]
[WhiteTeamCountry "NED"]
[BlackTeamCountry "NED"]

1. e4 c5 2. Nc3 Nc6 3. g3 g6 4. Bg2 Bg7 5. d3 d6 6. f4 Nf6 7. Nge2 Rb8 8. h3 Bd7 9. g4 b5 10. Ng3 b4 11. Nce2 h5 12. g5 Nh7 13. 0-0 h4 14. Nh1 e5 15. Qd2 exf4 16. Qxf4 Be6 17. Qxh4 Nf6 18. Qf2 Nh5 19. c3 bxc3 20. bxc3 Nb4 21. cxb4 Bxa1 22. bxc5 dxc5 23. Be3 Bg7 24. Bxc5 Qxg5 25. d4 Bc4 26. d5 Rb7 27. Be3 Qd8 28. Rc1 Bxe2 29. Qxe2 0-0 30. Qg4 Rc7 31. Rd1 Qd6 32. Nf2 Rc3 33. e5 Qa3 34. Bd4 Rg3 35. Qe4 Qxa2 36. Nh1 Rg5 37. h4 Rf5 38. d6 Nf4 39. Ng3 Qb3 40. Bf3 Nh3+ 41. Kg2 Rf4 42. Qe3 Qe6 43. Bc5 Rxh4 44. d7 Nf4+ 45. Kg1 Rd8 46. Bd5 Rxd7 47. Bxe6 Rxd1+ 48. Nf1 Nxe6 49. Qe2 Rb1 50. Be3 Bxe5 51. Qd3 Rb8 52. Nd2 Bd4 53. Nf3 Bxe3+ 54. Qxe3 Rg4+ 55. Kf2 Rb2+ 56. Kf1 Ra4 0-1

[Event "Barcelona Sants op-A 23rd"]
[Site "Barcelona"]
[Date "2022.08.21"]
[Round "3"]
[White "Bernado Lopez, Roger"]
[Black "Nijboer, Friso"]
[Result "0-1"]
[WhiteElo "2249"]
[BlackElo "2466"]
[PlyCount "80"]
[EventDate "2022.08.19"]
[EventType "swiss"]
[EventRounds "10"]
[EventCountry "ESP"]
[SourceTitle "CBM 209 Extra"]
[Source "ChessBase"]
[SourceDate "2022.09.30"]
[SourceVersion "1"]
[SourceVersionDate "2022.09.30"]
[SourceQuality "1"]

1. e4 c5 2. Nf3 Nc6 3. d4 cxd4 4. Nxd4 Nf6 5. Nc3 d6 6. Bg5 Qb6 7. Be3 Qa5 8. f3 a6 9. Qd2 Nxd4 10. Bxd4 e5 11. Bf2 Be6 12. Rd1 Rc8 13. a3 Be7 14. Bd3 0-0 15. 0-0 Qc7 16. Kh1 g6 17. Qe1 Rfe8 18. Bh4 Nh5 19. Bg3 Bf8 20. Nd5 Bxd5 21. exd5 f5 22. c3 Bg7 23. Bf2 Bh6 24. g3 Nf6 25. Bb1 Qc4 26. Be3 Bxe3 27. Qxe3 Kg7 28. Qd3 Qb3 29. Rd2 Rc5 30. Rfd1 Rxd5 31. Qc2 Qxc2 32. Bxc2 Rxd2 33. Rxd2 d5 34. Bb3 e4 35. Kg2 g5 36. Kf1 exf3 37. Bxd5 Rd8 38. c4 g4 39. Rd3 Nxd5 40. cxd5 Kf6 0-1

[Event "EU Corporate-ch"]
[Site "Rotterdam"]
[Date "2022.06.19"]
[Round "7"]
[White "Haast, Mark"]
[Black "Nijboer, Friso"]
[Result "1/2-1/2"]
[WhiteElo "2414"]
[BlackElo "2464"]
[PlyCount "66"]
[EventDate "2022.06.18"]
[EventType "team-tourn (rapid)"]
[EventRounds "9"]
[EventCountry "NED"]
[SourceTitle "EXT 2023"]
[Source "ChessBase"]
[SourceDate "2022.10.05"]
[SourceVersion "1"]
[SourceVersionDate "2022.10.05"]
[SourceQuality "1"]

1. e4 c5 2. c4 Nc6 3. Nc3 g6 4. g3 Bg7 5. Bg2 d6 6. Nge2 f5 7. d3 Nf6 8. 0-0 0-0 9. h3 fxe4 10. dxe4 e5 11. Nd5 Nxd5 12. cxd5 Nd4 13. Nxd4 cxd4 14. Qb3 b6 15. Bd2 Ba6 16. Rfc1 Qf6 17. f3 Be2 18. Rc6 Rad8 19. Qa3 Rf7 20. Rac1 h6 21. Rc7 a6 22. R7c6 Rb7 23. Re1 Bb5 24. Rc2 Kh7 25. Bf1 Bxf1 26. Rxf1 a5 27. Rc6 h5 28. Qb3 Bh6 29. Bxh6 Kxh6 30. Rxb6 Rxb6 31. Qxb6 Qg5 32. g4 Qf4 33. Qxd8 Qg3+ 1/2-1/2

[Event "EU Corporate-ch"]
[Site "Rotterdam"]
[Date "2022.06.19"]
[Round "8"]
[White "Nijboer, Friso"]
[Black "Schelvis, Richard"]
[Result "1-0"]
[WhiteElo "2464"]
[BlackElo "2157"]
[PlyCount "55"]
[EventDate "2022.06.18"]
[EventType "team-tourn (rapid)"]
[EventRounds "9"]
[EventCountry "NED"]
[SourceTitle "EXT 2023"]
[Source "ChessBase"]
[SourceDate "2022.10.05"]
[SourceVersion "1"]
[SourceVersionDate "2022.10.05"]
[SourceQuality "1"]

1. e4 c5 2. Nf3 e6 3. d4 cxd4 4. Nxd4 Nf6 5. Nc3 Qb6 6. Nb3 Bb4 7. Bd2 d5 8. exd5 exd5 9. a3 Bd6 10. Be3 Qd8 11. Be2 0-0 12. 0-0 Nc6 13. Bf3 Be6 14. g3 Be5 15. Nd4 Nxd4 16. Bxd4 Bxd4 17. Qxd4 Qd7 18. Rad1 Rfd8 19. Ne2 Rac8 20. c3 b6 21. Nf4 Rc4 22. Qe3 Bg4 23. Nxd5 Nxd5 24. Rxd5 Qc8 25. Rxd8+ Qxd8 26. Rd1 Qc8 27. Bxg4 Rxg4 28. Qe7 1-0

[Event "NED-chT 2122"]
[Site "Netherlands"]
[Date "2022.04.23"]
[Round "9.2"]
[White "Ikonnikov, Vyacheslav"]
[Black "Nijboer, Friso"]
[Result "1/2-1/2"]
[WhiteElo "2501"]
[BlackElo "2473"]
[PlyCount "58"]
[EventDate "2021.09.18"]
[EventType "team-tourn"]
[EventRounds "9"]
[EventCountry "NED"]
[SourceTitle "EXT 2023"]
[Source "ChessBase"]
[SourceDate "2022.10.05"]
[SourceVersion "1"]
[SourceVersionDate "2022.10.05"]
[SourceQuality "1"]
[WhiteTeam "Sas van Gent"]
[BlackTeam "En Passant"]
[WhiteTeamCountry "NED"]
[BlackTeamCountry "NED"]

1. d4 Nf6 2. Nf3 g6 3. c4 Bg7 4. Nc3 0-0 5. e4 d6 6. Be2 e5 7. d5 a5 8. Be3 Ng4 9. Bg5 f6 10. Bh4 Na6 11. Nd2 Nh6 12. a3 Bd7 13. 0-0 c6 14. Rb1 Qb6 15. Kh1 Kh8 16. f3 Nf7 17. Na4 Qd8 18. b4 axb4 19. axb4 c5 20. bxc5 Bxa4 21. Qxa4 Nxc5 22. Qc2 Bh6 23. Rb5 b6 24. Rfb1 Ra6 25. Nf1 Kg7 26. Bf2 Qc7 27. g3 Rfa8 28. Kg2 Kg8 29. Ne3 Bf8 1/2-1/2

[Event "NED-chT 2122"]
[Site "Netherlands"]
[Date "2022.04.02"]
[Round "8.5"]
[White "Nijboer, Friso"]
[Black "Burg, Twan"]
[Result "1/2-1/2"]
[WhiteElo "2473"]
[BlackElo "2508"]
[PlyCount "51"]
[EventDate "2021.09.18"]
[EventType "team-tourn"]
[EventRounds "9"]
[EventCountry "NED"]
[SourceTitle "EXT 2024"]
[Source "ChessBase"]
[SourceDate "2023.10.10"]
[SourceVersion "1"]
[SourceVersionDate "2023.10.10"]
[SourceQuality "1"]
[WhiteTeam "En Passant"]
[BlackTeam "Den Bosch HMC"]
[WhiteTeamCountry "NED"]
[BlackTeamCountry "NED"]

1. e4 e6 2. d4 d5 3. Nc3 Nf6 4. Bg5 dxe4 5. Nxe4 Be7 6. Nxf6+ Bxf6 7. Bxf6 Qxf6 8. Nf3 c5 9. c3 cxd4 10. Qxd4 Qxd4 11. Nxd4 a6 12. 0-0-0 Bd7 13. g3 Nc6 14. Bg2 0-0-0 15. Nxc6 Bxc6 16. Bxc6 bxc6 17. Kc2 Kc7 18. Rhe1 Rd5 19. c4 Rf5 20. f4 g5 21. fxg5 Rxg5 22. Rd2 Rd8 23. Rf2 Rd7 24. Rf4 Kd8 25. Kc3 Ke7 26. Ref1 1/2-1/2

[Event "Skalica op"]
[Site "Skalica"]
[Date "2021.08.29"]
[Round "9"]
[White "Pechac, Jergus"]
[Black "Nijboer, Friso"]
[Result "1/2-1/2"]
[WhiteElo "2523"]
[BlackElo "2468"]
[PlyCount "104"]
[EventDate "2021.08.21"]
[EventType "swiss"]
[EventRounds "9"]
[EventCountry "SVK"]
[SourceTitle "CBM 204 Extra"]
[Source "ChessBase"]
[SourceDate "2021.11.30"]
[SourceVersion "1"]
[SourceVersionDate "2021.11.30"]
[SourceQuality "1"]

1. d4 f5 2. Nc3 Nf6 3. Bf4 a6 4. g4 d5 5. g5 Ne4 6. Nxe4 fxe4 7. e3 Nc6 8. h4 Bf5 9. Bh3 Bxh3 10. Nxh3 Qd7 11. Qe2 0-0-0 12. 0-0-0 Qf5 13. Kb1 g6 14. Bg3 Bg7 15. h5 Rhe8 16. Nf4 e5 17. dxe5 Bxe5 18. Rxd5 Rxd5 19. Nxd5 Qxg5 20. Bxe5 Nxe5 21. hxg6 hxg6 22. a3 Kb8 23. Rh7 Rd8 24. Nxc7 Qf6 25. Qe1 Qc6 26. Qc3 Rd1+ 27. Ka2 Qxc3 28. bxc3 Rd2 29. Kb3 Rxf2 30. Nd5 Rd2 31. Nf6 Rd6 32. Nxe4 Rb6+ 33. Ka2 Nc4 34. Nc5 Rb2+ 35. Ka1 Rb5 36. Nd7+ Kc8 37. a4 Rd5 38. Nf6 Ra5 39. Rg7 Rxa4+ 40. Kb1 Nxe3 41. Rxg6 Ra5 42. Ne4 Re5 43. Rg8+ Kc7 44. Rg7+ Kc6 45. Rg6+ Kd5 46. Nd6 b5 47. Nc8 Re6 48. Nb6+ Kd6 49. Nc8+ Kd7 50. Nb6+ Ke7 51. Rg7+ Kd6 52. Ra7 Kc5 1/2-1/2

[Event "Skalica op"]
[Site "Skalica"]
[Date "2021.08.27"]
[Round "7"]
[White "Nijboer, Friso"]
[Black "Gunina, Valentina"]
[Result "1/2-1/2"]
[WhiteElo "2468"]
[BlackElo "2437"]
[PlyCount "87"]
[EventDate "2021.08.21"]
[EventType "swiss"]
[EventRounds "9"]
[EventCountry "SVK"]
[SourceTitle "CBM 204 Extra"]
[Source "ChessBase"]
[SourceDate "2021.11.30"]
[SourceVersion "1"]
[SourceVersionDate "2021.11.30"]
[SourceQuality "1"]

1. d4 d5 2. c4 c6 3. Nf3 Nf6 4. Nc3 dxc4 5. a4 Bf5 6. Ne5 Nbd7 7. Nxc4 Nb6 8. Ne5 a5 9. e3 Nbd7 10. Qb3 Nxe5 11. dxe5 Nd7 12. e6 Bxe6 13. Qxb7 Rc8 14. Qa7 Bb3 15. e4 e6 16. Qe3 Bb4 17. Be2 0-0 18. 0-0 Nc5 19. Na2 Bxa2 20. Rxa2 Qh4 21. e5 Rfd8 22. b3 Rd4 23. g3 Qd8 24. Bc4 Re4 25. Qf3 Rxe5 26. Rc2 Rf5 27. Qe2 Nd7 28. Rd1 Qe7 29. Be3 Ne5 30. Ba6 Rf8 31. f4 Nd7 32. Bd3 Rd5 33. Rxc6 Nf6 34. Rcc1 e5 35. Bxh7+ Kxh7 36. Rxd5 Nxd5 37. Qd3+ Kg8 38. Qxd5 exf4 39. Bxf4 Rd8 40. Qf3 Qf6 41. h4 Bd2 42. Rf1 Bxf4 43. Qxf4 Qb6+ 44. Kg2 1/2-1/2

[Event "Skalica op"]
[Site "Skalica"]
[Date "2021.08.26"]
[Round "6"]
[White "Nijboer, Friso"]
[Black "Makhija, Aashna"]
[Result "1-0"]
[WhiteElo "2468"]
[BlackElo "1969"]
[PlyCount "43"]
[EventDate "2021.08.21"]
[EventType "swiss"]
[EventRounds "9"]
[EventCountry "SVK"]
[SourceTitle "CBM 204 Extra"]
[Source "ChessBase"]
[SourceDate "2021.11.30"]
[SourceVersion "1"]
[SourceVersionDate "2021.11.30"]
[SourceQuality "1"]

1. d4 d5 2. c4 e6 3. Nc3 Nf6 4. Nf3 Be7 5. Bf4 0-0 6. e3 Nbd7 7. cxd5 Nxd5 8. Nxd5 exd5 9. Bd3 c5 10. 0-0 c4 11. Bc2 Nf6 12. Ne5 Be6 13. b3 cxb3 14. Bxb3 Qa5 15. Bg5 Rac8 16. Nd3 Rfe8 17. Bxf6 Bxf6 18. Qf3 Rc3 19. Rad1 Bg5 20. Nc5 b6 21. Nxe6 fxe6 22. Qh5 1-0

[Event "Skalica op"]
[Site "Skalica"]
[Date "2021.08.23"]
[Round "3"]
[White "Manik, Mikulas"]
[Black "Nijboer, Friso"]
[Result "1/2-1/2"]
[WhiteElo "2370"]
[BlackElo "2468"]
[PlyCount "68"]
[EventDate "2021.08.21"]
[EventType "swiss"]
[EventRounds "9"]
[EventCountry "SVK"]
[SourceTitle "CBM 204 Extra"]
[Source "ChessBase"]
[SourceDate "2021.11.30"]
[SourceVersion "1"]
[SourceVersionDate "2021.11.30"]
[SourceQuality "1"]

1. e4 c5 2. Nf3 Nc6 3. Bb5 e6 4. 0-0 Nge7 5. Re1 a6 6. Bxc6 Nxc6 7. d4 cxd4 8. Nxd4 Be7 9. Nxc6 dxc6 10. Qg4 0-0 11. Bh6 Qd4 12. c3 Qf6 13. Be3 e5 14. Qh5 a5 15. Nd2 Qe6 16. Nf3 f6 17. Nh4 Qf7 18. Qe2 g6 19. Rf1 b6 20. Rfd1 b5 21. a4 b4 22. Rac1 b3 23. Nf3 Ba6 24. c4 Rfb8 25. Rd3 Rb4 26. Nd2 Rxa4 27. Rxb3 Rb4 28. Rxb4 Bxb4 29. Nb3 Bc8 30. Bc5 Be6 31. Bxb4 axb4 32. Qd2 Qe7 33. h3 g5 34. Qe3 Bf7 1/2-1/2

[Event "Amsterdam Batavia Grolsch 12th"]
[Site "Amsterdam"]
[Date "2020.02.28"]
[Round "7"]
[White "Reinderman, Dimitri"]
[Black "Nijboer, Friso"]
[Result "0-1"]
[WhiteElo "2582"]
[BlackElo "2469"]
[PlyCount "78"]
[EventDate "2020.02.21"]
[EventType "tourn"]
[EventRounds "9"]
[EventCountry "NED"]
[EventCategory "9"]
[SourceTitle "CBM 195 Extra"]
[Source "ChessBase"]
[SourceDate "2020.05.31"]
[SourceVersion "1"]
[SourceVersionDate "2020.05.31"]
[SourceQuality "1"]

1. c4 Nf6 2. Nc3 e6 3. e4 d5 4. e5 d4 5. exf6 dxc3 6. bxc3 Qxf6 7. Nf3 b6 8. d4 Bb7 9. Bd3 h6 10. Qe2 Nd7 11. Be4 Bxe4 12. Qxe4 Rc8 13. Qb7 Qd8 14. Qxa7 Bd6 15. 0-0 0-0 16. Be3 Ra8 17. Qb7 Ra5 18. Qc6 Qa8 19. Qxa8 Rfxa8 20. Rfb1 Rxa2 21. Rxa2 Rxa2 22. Kf1 f5 23. g3 g5 24. Rb5 Kf7 25. Ke1 Ke8 26. h4 g4 27. Nd2 h5 28. Kd1 c6 29. Rb1 c5 30. Rb3 Kd8 31. Nb1 Kc8 32. Bd2 e5 33. dxe5 Nxe5 34. Ra3 Rb2 35. Ra1 Nxc4 36. Kc1 Bb8 37. Ra4 Rxb1+ 38. Kxb1 Nxd2+ 39. Kc2 Ne4 0-1

[Event "Amsterdam Batavia Grolsch 12th"]
[Site "Amsterdam"]
[Date "2020.02.25"]
[Round "5"]
[White "Warakomski, Tomasz"]
[Black "Nijboer, Friso"]
[Result "1-0"]
[WhiteElo "2501"]
[BlackElo "2469"]
[PlyCount "133"]
[EventDate "2020.02.21"]
[EventType "tourn"]
[EventRounds "9"]
[EventCountry "NED"]
[EventCategory "9"]
[SourceTitle "CBM 195 Extra"]
[Source "ChessBase"]
[SourceDate "2020.05.31"]
[SourceVersion "1"]
[SourceVersionDate "2020.05.31"]
[SourceQuality "1"]

1. e4 c6 2. Nc3 d5 3. Nf3 Bg4 4. h3 Bxf3 5. Qxf3 e6 6. d3 Nd7 7. Bd2 Bc5 8. Qg3 Bd4 9. Be2 Ne7 10. f4 a5 11. Nd1 0-0 12. c3 Bb6 13. Nf2 f5 14. e5 d4 15. c4 a4 16. 0-0 Ba5 17. Bc1 b5 18. Rd1 Nc5 19. Qf3 Qb6 20. Rb1 Ra7 21. Kh1 Rd8 22. Bf1 Rad7 23. Kh2 Na6 24. h4 Nb4 25. a3 Na6 26. h5 h6 27. g4 Nc5 28. Bh3 bxc4 29. dxc4 Rf8 30. Bd2 Qb3 31. Qxb3 Nxb3 32. Bxa5 Nxa5 33. Nd3 fxg4 34. Bxg4 Nf5 35. Nc5 Re7 36. Bxf5 Rxf5 37. Rxd4 Rxh5+ 38. Kg2 g5 39. Rh1 Rxh1 40. Kxh1 gxf4 41. Nxa4 f3 42. Kg1 Rg7+ 43. Kf2 Rg2+ 44. Kxf3 Rc2 45. Ke3 h5 46. Kd3 Rg2 47. Rh4 Rg3+ 48. Kc2 Kf7 49. b4 Rg2+ 50. Kd1 Nb3 51. Rxh5 Rd2+ 52. Ke1 Ra2 53. Rh4 Rxa3 54. Nb6 c5 55. b5 Nd4 56. Re4 Ke8 57. Nc8 Nf5 58. Rg4 Kd7 59. Nd6 Re3+ 60. Kd2 Rxe5 61. Ne4 Kc7 62. Kd3 Kb6 63. Rg5 Ka5 64. Rg1 Nd4 65. Nxc5 Nxb5 66. Ra1+ Na3 67. Kd4 1-0

[Event "Groningen University m"]
[Site "Groningen"]
[Date "2019.12.28"]
[Round "3"]
[White "De Boer, Eelke"]
[Black "Nijboer, Friso"]
[Result "0-1"]
[WhiteElo "2332"]
[BlackElo "2462"]
[PlyCount "104"]
[EventDate "2019.12.26"]
[EventType "match"]
[EventRounds "4"]
[EventCountry "NED"]
[SourceTitle "CBM 194 Extra"]
[Source "ChessBase"]
[SourceDate "2020.03.31"]
[SourceVersion "1"]
[SourceVersionDate "2020.03.31"]
[SourceQuality "1"]

1. e4 c6 2. d4 d5 3. Nd2 dxe4 4. Nxe4 Bf5 5. Ng3 Bg6 6. h4 h6 7. Nf3 Nd7 8. h5 Bh7 9. Bd3 Bxd3 10. Qxd3 e6 11. Bd2 Ngf6 12. 0-0-0 Be7 13. Kb1 0-0 14. Ne4 Nxe4 15. Qxe4 Nf6 16. Qe2 Qd5 17. Be3 Qb5 18. Rd3 Bd6 19. Rh4 Rfe8 20. Qd1 Qf5 21. Ng1 Nd5 22. Bc1 e5 23. dxe5 Bxe5 24. Nh3 Bf6 25. Rg4 Kh8 26. Nf4 Nb4 27. Ng6+ fxg6 28. Rxb4 Qxf2 29. Rf4 Qe1 30. Qf3 Bg5 31. Rd1 Qe6 32. Rg4 Bxc1 33. Rxg6 Qe3 34. Rxc1 Qxf3 35. gxf3 Re7 36. Rd1 Rf8 37. a4 Rxf3 38. Rgd6 a5 39. Rd7 Rff7 40. Rd8+ Kh7 41. b3 Rf5 42. R8d7 Rxd7 43. Rxd7 b5 44. Rc7 bxa4 45. bxa4 Rxh5 46. Rxc6 g5 47. Kc1 g4 48. Kd2 Rf5 49. Ke2 h5 50. Rc3 Kg6 51. Rb3 h4 52. c4 h3 0-1

[Event "Barcelona Sants op 21st"]
[Site "Barcelona"]
[Date "2019.08.31"]
[Round "9"]
[White "Alinasab, Mobina"]
[Black "Nijboer, Friso"]
[Result "1/2-1/2"]
[WhiteElo "2280"]
[BlackElo "2480"]
[PlyCount "33"]
[EventDate "2019.08.23"]
[EventType "swiss"]
[EventRounds "10"]
[EventCountry "ESP"]
[SourceTitle "EXT 2020"]
[Source "ChessBase"]
[SourceDate "2019.10.17"]
[SourceVersion "1"]
[SourceVersionDate "2019.10.17"]
[SourceQuality "1"]

1. e4 c5 2. Nf3 Nc6 3. d4 cxd4 4. Nxd4 Nf6 5. Nc3 d6 6. Bg5 e6 7. Qd2 a6 8. 0-0-0 Bd7 9. f4 h6 10. Bxf6 gxf6 11. f5 Qb6 12. fxe6 fxe6 13. Nxc6 Bxc6 14. Bd3 Qa5 15. Kb1 Bg7 16. Be2 Rd8 17. Bf3 1/2-1/2

[Event "Barcelona Sants op 21st"]
[Site "Barcelona"]
[Date "2019.08.29"]
[Round "7"]
[White "Nijboer, Friso"]
[Black "Mitev, Valentin"]
[Result "1-0"]
[WhiteElo "2480"]
[BlackElo "2220"]
[PlyCount "43"]
[EventDate "2019.08.23"]
[EventType "swiss"]
[EventRounds "10"]
[EventCountry "ESP"]
[SourceTitle "EXT 2020"]
[Source "ChessBase"]
[SourceDate "2019.10.17"]
[SourceVersion "1"]
[SourceVersionDate "2019.10.17"]
[SourceQuality "1"]

1. e4 c5 2. Nf3 d6 3. d4 cxd4 4. Nxd4 Nf6 5. Nc3 a6 6. Be2 e6 7. 0-0 Qc7 8. f4 Nc6 9. Be3 Be7 10. Kh1 0-0 11. Qe1 Rb8 12. Qg3 Kh8 13. Rad1 e5 14. Nxc6 bxc6 15. fxe5 dxe5 16. Bc4 Bg4 17. Rb1 Bh5 18. Bxa6 Bg6 19. Bd3 Bb4 20. Bd2 c5 21. a3 Ba5 22. b3 1-0

[Event "Barcelona Sants op 21st"]
[Site "Barcelona"]
[Date "2019.08.27"]
[Round "5"]
[White "Nijboer, Friso"]
[Black "Cervello Tost, Ferran"]
[Result "1/2-1/2"]
[WhiteElo "2480"]
[BlackElo "2367"]
[PlyCount "30"]
[EventDate "2019.08.23"]
[EventType "swiss"]
[EventRounds "10"]
[EventCountry "ESP"]
[SourceTitle "EXT 2020"]
[Source "ChessBase"]
[SourceDate "2019.10.17"]
[SourceVersion "1"]
[SourceVersionDate "2019.10.17"]
[SourceQuality "1"]

1. e4 e5 2. Nf3 d5 3. exd5 e4 4. Qe2 Nf6 5. Nc3 Be7 6. Ne5 0-0 7. d4 exd3 8. Nxd3 Re8 9. Be3 Nxd5 10. Nxd5 Qxd5 11. Nf4 Qa5+ 12. Qd2 Bb4 13. c3 Bc5 14. Be2 Bxe3 15. fxe3 Nc6 1/2-1/2